LEADER 00539nam 2200169z- 450 001 9910693605803321 035 $a(CKB)2430000000036019 035 $a(EXLCZ)992430000000036019 100 $a20240129c2004uuuu -u- - 101 0 $aeng 200 00$aHuman capital : a guide for assessing strategic training and development efforts in the federal government 210 $aWashington, D.C$cU.S. General Accounting Office 531 $aHUMAN CAPITAL 906 $aBOOK 912 $a9910693605803321 996 $aHuman capital$91131333 997 $aUNINA